000 00524cam a2200157 4500
001 2994
005 20181127170216.0
008 711013s1966 nyu b 000 0 eng
010 _a 66014925
100 1 _aBerger, Peter L.,
_d1929-
245 1 4 _aThe social construction of reality:
_ba treatise in the sociology of knowledge /
_cPeter L. Berger and Thomas Luckmann.
260 _aGarden City, N.Y. :
_bAnchor Books,
_c1967.
300 _ax, 219 p. ;
_c18 cm.
650 0 _aKnowledge, Sociology of.
700 1 _aLuckmann, Thomas.
999 _c2407
_d2407